|
|
|
|
| LEADER |
00000nab a2200000 ar4500 |
| 001 |
vtls010115396 |
| 003 |
SK-MaSNL |
| 005 |
20260303081001.0 |
| 008 |
100716|2009 xo |||||||||||||| ||slo |
| 015 |
|
|
|a SNBRA2010/07
|2 snkbucl
|
| 038 |
|
|
|a SNKBUCL
|
| 040 |
|
|
|a SNKBUCL
|b slo
|e AACR2
|c SNKBUCL
|
| 041 |
0 |
|
|a slo
|
| 044 |
|
|
|a xo
|c SK
|
| 080 |
|
|
|a 394
|x (437.6)
|x "19"
|2 2001
|
| 080 |
|
|
|a 316.72/.75-027.22
|x (437.6)
|x "19"
|2 2001
|
| 080 |
|
|
|a 94(437.6)
|x "19"
|2 2001
|
| 100 |
1 |
|
|a Kožehuba, Branislav,
|d 1978-
|4 aut
|9 178851
|
| 245 |
1 |
0 |
|a Kultúrny život a spoločenské podujatia v meste Žilina v prvej polovici 20. storočia
|c Branislav Kožehuba
|
| 300 |
|
|
|b Fotogr.
|
| 504 |
|
|
|a Bibliogr. odkazy
|
| 648 |
|
7 |
|a 20. stor., 1. polovica
|2 snkbucl
|9 323585
|
| 650 |
0 |
7 |
|a kultúrny život
|2 snkbucl
|9 3182
|
| 650 |
0 |
7 |
|a spoločenský život
|2 snkbucl
|9 28654
|
| 650 |
0 |
7 |
|a spoločenské podujatia
|2 snkbucl
|9 268482
|
| 651 |
|
7 |
|a Žilina (Slovensko)
|2 snkbucl
|9 28812
|
| 655 |
|
7 |
|a štúdie
|2 snkbucl
|9 57033
|
| 773 |
0 |
|
|t Národopisný zborník 15
|d Martin : Matica slovenská, 2009
|g S. 183-206
|z 9788070909386
|
| 852 |
|
|
|a SNK
|b KIS3GCP
|
| 958 |
|
|
|a NB
|
| 999 |
|
|
|c 1782749
|d 1784679
|